Prezydenci Czech - Statystyki

Ogólne statystyki
  • Ten quiz został rozwiązany 24 razy
  • Średni wynik to 3 z 10
Statystyki odpowiedzi
Lata Prezydent % Poprawnych
1993-2003 Václav Havel
91%
2013-teraz Miloš Zeman
68%
1993 Václav Klaus
55%
2003-2013 Václav Klaus
55%
1969 Čestmír Císař
5%
1990-1992 Dagmar Burešová
5%
1969-1981 Evžen Erban
5%
1989-1990 Jaroslav Šafařík
5%
1969-1989 Josef Kempný
5%
1992 Milan Uhde
5%
Nie znaleziono quizów pasujących do podanych kryteriów
Rozkład punktacji
Procent ludzi z każdym wynikiem
Percentyl według liczby udzielonych odpowiedzi
Twoja historia wyników
Nie rozwiązałeś tego quizu